Southville International School and Colleges
Your cart is empty.
  • Cart
  • Lists
    Public lists Eva Luna New books Lux_list list_1
    Your lists Log in to create your own lists
  • Log in to your account
  • Your cookies
  • Search history
Southville International School and Colleges
  • Advanced search
  • Recent comments
  • Most popular
  • Libraries

Log in to your account

Log in with GOOGLE


If you do not have an external account, but do have a local account, you can still log in:

  1. Home
  2. MARC view: The Labor code :
Normal view MARC view ISBD view

The Labor code : (Record no. 291437)

[ view plain ]
MARC details
000 -LEADER
fixed length control field 00696nam a2200253Ia 4500
008 - FIXED-LENGTH DATA ELEMENTS--GENERAL INFORMATION
fixed length control field 160303s9999 xx 000 0 und d
020 ## - INTERNATIONAL STANDARD BOOK NUMBER
International Standard Book Number 978-971-23-4812-9
050 ## - LIBRARY OF CONGRESS CALL NUMBER
Classification number FIL KPM 1214
050 ## - LIBRARY OF CONGRESS CALL NUMBER
Item number .A98 2007 v.2
100 ## - MAIN ENTRY--PERSONAL NAME
Personal name Azucena, Cesario A., Jr.
245 #4 - TITLE STATEMENT
Title The Labor code :
245 ## - TITLE STATEMENT
Remainder of title with comments and cases : part of the labor law-labor relation series /
245 ## - TITLE STATEMENT
Statement of responsibility, etc Cesario A. Azucena, Jr.
250 ## - EDITION STATEMENT
Edition statement 6th Edition
260 ## - PUBLICATION, DISTRIBUTION, ETC. (IMPRINT)
Place of publication, distribution, etc Manila:
260 ## - PUBLICATION, DISTRIBUTION, ETC. (IMPRINT)
Name of publisher, distributor, etc Rex Book Store, Inc.,
260 ## - PUBLICATION, DISTRIBUTION, ETC. (IMPRINT)
Date of publication, distribution, etc 2007
300 ## - PHYSICAL DESCRIPTION
Extent 833 pages :
300 ## - PHYSICAL DESCRIPTION
Other physical details illustrations ;
300 ## - PHYSICAL DESCRIPTION
Dimensions 23 cm.
440 ## - SERIES STATEMENT/ADDED ENTRY--TITLE
Volume number/sequential designation v.2
650 ## - SUBJECT ADDED ENTRY--TOPICAL TERM
Topical term or geographic name as entry element Labor laws and legislation --
650 ## - SUBJECT ADDED ENTRY--TOPICAL TERM
General subdivision Philippines.
Holdings
Withdrawn status Lost status Damaged status Home library Current library Shelving location Date acquired Total Checkouts Full call number Barcode Date last seen Price effective from Koha item type
      South Mansfield College South Mansfield College Filipiniana Section 01/09/2008   FIL KPM 1214 .A98 2007 v.2 SMC03824 03/03/2016 03/03/2016  

The Labor code :

APA

Azucena C. A. J., .The Labor code. Manila: .

Chicago

Azucena Cesario A Jr, .The Labor code. Manila: .

Harvard

Azucena C. A. J., .The Labor code. Manila: .

MLA

Azucena Cesario A Jr, .Manila: . .

  • Place hold
  • Print
  • Cite
  • Add to your cart (remove)
  • Save record
    BIBTEX Dublin Core MARCXML MARC (non-Unicode/MARC-8) MARC (Unicode/UTF-8) MARC (Unicode/UTF-8, Standard) MODS (XML) RIS
  • More searches
    Search for this title in:
    Other Libraries (WorldCat) Other Databases (Google Scholar) Online Stores (Bookfinder.com) Open Library (openlibrary.org)

Exporting to Dublin Core...

SOUTHVILLE LIBRARY

Southville International School and Colleges Library

1281 Tropical Ave. Cor. Luxembourg St., BF Homes International, Las Pinas City

Tel. No. 8256374 / 252358 Loc. 117/146

Powered by Koha